| 000 | 00497nam a2200193Ia 4500 | ||
|---|---|---|---|
| 999 |
_c43585 _d43585 |
||
| 003 | GCL | ||
| 005 | 20240530103934.0 | ||
| 008 | 140319s9999 xx 000 0 ara d | ||
| 040 |
_aGCL / _cGCL |
||
| 082 | 0 | 4 |
_a214 _bم ج |
| 100 | 1 | _aمحمد الغزالى | |
| 245 | 1 | 0 |
_aجدد حياتك / _cمحمد الغزالى |
| 300 | _a199 ص | ||
| 490 |
_a100 قصة _v0 |
||
| 650 | 0 | 4 | _aالاسلام |
| 650 | 0 | 4 | _aالاخلاق الاسلامية |
| 650 | 0 | 4 | _aالتصوف |
| 942 |
_2ddc _cBK |
||